El reconocimiento de la beligerancia (Registro nro. 169177)

Detalles MARC
000 -LEADER
fixed length control field 02326nam a22002657a 4500
007 - PHYSICAL DESCRIPTION FIXED FIELD--GENERAL INFORMATION
fixed length control field cr|||| ||||
008 - FIXED-LENGTH DATA ELEMENTS--GENERAL INFORMATION
fixed length control field 201211s2017 co |||||s|||| 00||0 spa d
020 ## - INTERNATIONAL STANDARD BOOK NUMBER
International Standard Book Number 978-958-716-997-3
035 ## -
-- 32253
040 ## - CATALOGING SOURCE
Original cataloging agency vLex
090 ## -
-- 10941
-- 10941
100 1# - MAIN ENTRY--PERSONAL NAME
Personal name Guerrero Apráez, Víctor
245 12 - TITLE STATEMENT
Title El reconocimiento de la beligerancia
Medium [Recurso electrónico] :
Remainder of title Dos siglos de humanización y salida negociada en conflictos armados /
Statement of responsibility, etc Víctor Guerrero Apráez
256 ## -
-- Servicio en línea
260 ## - PUBLICATION, DISTRIBUTION, ETC. (IMPRINT)
Place of publication, distribution, etc Bogotá:
Name of publisher, distributor, etc Pontificia Universidad Javeriana,
Date of publication, distribution, etc 2017
300 ## - PHYSICAL DESCRIPTION
Extent 1 recurso electrónico
500 ## - GENERAL NOTE
General note La insurrección griega de 1823 permitió la emergencia de una anomalía fundacional: entre la inacción, cómplice de las atrocidades cometidas contra los rebeldes, y la intervención bélica, que violaba el principio del equilibrio de poderes, los países europeos procedieron al reconocimiento de la beligerancia. Desde entonces, este instrumento consuetudinario del derecho internacional ha desempeñado un papel crucial y dramático: la guerra de Secesión estadounidense, la Comuna de París, la guerra civil chilena, las gestas independentistas de los cubanos contra España, la Revolución mexicana, la guerra civil española, entre otras. Colombia no fue ajena a este proceso: a contrapelo de una historia oficial olvidadiza, fue el único país en el que se produjo su aplicación en 1870, 1979 y, finalmente, durante el reciente proceso de negociaciones con las farc. Dar cuenta de este enriquecedor decurso, de Grecia a La Habana, que cuestiona lugares comunes y devela manipulaciones y mistificaciones es el desafío asumido en El reconocimiento de la beligerancia.
506 1# - RESTRICTIONS ON ACCESS NOTE
Terms governing access Disponible solo en los productos indicados
Authorized users vLex Global
-- vLex Global (Academic Edition, excluding Law Schools)
-- vLex Global (U.S. Academic Edition, Law Schools)
-- vLex Global (U.S. Academic Edition, excluding Law Schools)
-- vLex Global (Academic Edition, Law Schools)
650 04 - SUBJECT ADDED ENTRY--TOPICAL TERM
Topical term or geographic name as entry element Derecho Internacional
Geographic subdivision Colombia
650 04 - SUBJECT ADDED ENTRY--TOPICAL TERM
Topical term or geographic name as entry element Economía Española
Geographic subdivision Colombia
740 0# -
-- vLex Libros (Servicio en línea)
856 40 - LOCALIZACIÓN Y ACCESO ELECTRÓNICO
Identificador Uniforme del Recurso (URI/URL) https://app.vlex.com/#/sources/reconocimiento-de-la-beligerancia-dos-siglos-de-humanizacion-y-salida-negociada-en-conflictos-armados-32253
942 ## -
-- RAA
999 ## -
-- 169177
-- 169177

No hay ítems disponibles.


CONTACTO


NOSOTROS


SITIOS DE INTERES

coordinacion.biblioteca.biblioteca@unienlinea.mx Misión, Visión y Objetivos Bases de datos
Directorio Bibliotecas Digitales y Repositorios
Normatividad Revistas y artículos
Convenios interbibliotecarios
Boletines



Hecho en México. Universidad Insurgentes (UIN). Todos los derechos reservados 2024. Esta página y sus contenidos pueden ser reproducidos con fines no lucrativos, siempre y cuando no se mutile, se cite la fuente completa y su dirección electrónicas. De otra forma requiere permiso previo por escrito de la institución




2024 Copyright Universidad Insurgentes | www.bibliouin.com.mx